000 00373 a2200145 4500
001 155280
040 _cEscola São Tomás de Aquino
100 _aBELINKY, Tatiana
240 1 0 _aABC e numerais
_lpor
245 1 0 _aABC e numerais
362 0 _a2010
440 1 _aCortez
697 _aSistemas de escrita (alfabeto, Braille, abreviaturas, pontuação, etc.)
942 _cBK
999 _c155280
_d155280